[Event "KUW Challenge Cup 2nd"]
[Site "Kuwait"]
[Date "2017.09.19"]
[Round "3.1"]
[White "Al Khateeb, Taher"]
[Black "Youssef Ahmed, Youssef"]
[Result "1-0"]
[WhiteElo "2019"]
[BlackElo "1938"]
[PlyCount "115"]
[EventDate "2017.09.17"]
[EventType "team-swiss"]
[EventRounds "9"]
[EventCountry "KUW"]
[SourceTitle "EXT 2019"]
[Source "ChessBase"]
[SourceDate "2018.10.10"]
[SourceVersion "1"]
[SourceVersionDate "2018.10.10"]
[SourceQuality "1"]

1. d4 d5 2. c4 c6 3. Bf4 Nf6 4. e3 Bf5 5. Nc3 e6 6. Qb3 Qb6 7. c5 Qxb3 8. axb3 Nbd7 9. b4 Be7 10. b5 0-0 11. bxc6 bxc6 12. h3 a5 13. Nf3 Bc2 14. Kd2 Bb3 15. Bd3 a4 16. Ra3 Bd8 17. Ke2 Ba5 18. Nxa4 Bb4 19. Rxb3 Rxa4 20. Bc2 Rfa8 21. Rb1 h6 22. g4 g5 23. Be5 Ne8 24. Bh2 f6 25. Ne1 Bxe1 26. Rxe1 Kf7 27. Rd1 R8a7 28. Rdd3 Ra2 29. Kd2 Nc7 30. Bxc7 Rxc7 31. Bb1 Ra1 32. Kc2 Ra8 33. Ra3 Rh8 34. f3 h5 35. Rd2 hxg4 36. hxg4 e5 37. Kc3 Rh3 38. Rf2 Nf8 39. Bf5 Ng6 40. Bxg6+ Kxg6 41. Kc2 exd4 42. exd4 f5 43. Re2 Kf6 44. Re5 f4 45. b4 Rh2+ 46. Kd1 Rb2 47. Ra6 Rxb4 48. Rxd5 Ke7 49. Rxg5 Rxd4+ 50. Ke2 Kf6 51. Rf5+ Ke6 52. Rf8 Re7 53. Kf1 Kd5 54. Rf5+ Kc4 55. Ra4+ Kc3 56. Rxd4 Kxd4 57. Kf2 Ra7 58. Rxf4+ 1-0

[Event "KUW-ch"]
[Site "Kuwait"]
[Date "2017.08.05"]
[Round "3"]
[White "Maqseed, Nasser"]
[Black "Youssef Ahmed, Youssef"]
[Result "0-1"]
[WhiteElo "1894"]
[BlackElo "1949"]
[PlyCount "132"]
[EventDate "2017.08.02"]
[EventType "tourn"]
[EventRounds "7"]
[EventCountry "KUW"]
[SourceTitle "CBM 180 Extra"]
[Source "ChessBase"]
[SourceDate "2017.10.06"]
[SourceVersion "1"]
[SourceVersionDate "2017.10.06"]
[SourceQuality "1"]

1. d4 d5 2. c4 c6 3. Nf3 Nf6 4. Nc3 e6 5. e3 Bd6 6. Bd3 0-0 7. 0-0 Nbd7 8. e4 dxe4 9. Nxe4 Nxe4 10. Bxe4 Nf6 11. Bc2 g6 12. b3 b6 13. Bb2 Be7 14. Ne5 Bb7 15. Qe2 Nd7 16. Ng4 h5 17. Ne5 Nxe5 18. dxe5 Qc7 19. Rad1 Rad8 20. Bc1 a6 21. Bh6 Rfe8 22. Qe3 Rxd1 23. Rxd1 Rd8 24. h3 c5 25. Qg3 Rxd1+ 26. Bxd1 Qd8 27. Bc2 Kh7 28. Be3 Qd7 29. Qf4 Bf8 30. Qg5 Kg8 31. Qg3 Bg7 32. Bg5 Qd4 33. Bf6 Be4 34. Bxe4 Qxe4 35. f3 Qd4+ 36. Kh2 Bh6 37. Bg5 h4 38. Qxh4 Qxe5+ 39. f4 Bxg5 40. Qxg5 Qd4 41. Qe5 Qf2 42. Qd6 Kg7 43. Qe5+ f6 44. Qxe6 Qxf4+ 45. Kg1 Qc1+ 46. Kh2 Qf4+ 47. Kg1 Qc7 48. Qd5 g5 49. Kf2 Qf4+ 50. Qf3 Qc7 51. Ke3 b5 52. Kd3 Qd6+ 53. Kc2 b4 54. Qd3 Qe7 55. Kd2 Qe6 56. g4 Qe5 57. Qd7+ Kg6 58. Qd3+ Kh6 59. Qd8 Qh2+ 60. Kc1 Qh1+ 61. Kd2 Qg2+ 62. Kc1 Qf1+ 63. Kc2 Qg2+ 64. Kb1 Qg1+ 65. Kb2 Qf2+ 66. Kb1 Qe1+ 0-1

[Event "Kuwait Fischer Cup"]
[Site "Kuwait"]
[Date "2016.10.13"]
[Round "1"]
[White "Alothman, Salem"]
[Black "Youssef Ahmed, Youssef"]
[Result "0-1"]
[WhiteElo "1642"]
[BlackElo "1940"]
[PlyCount "50"]
[EventDate "2016.10.13"]
[EventType "swiss"]
[EventRounds "9"]
[EventCountry "KUW"]
[SourceTitle "EXT 2018"]
[Source "ChessBase"]
[SourceDate "2017.10.13"]
[SourceVersion "1"]
[SourceVersionDate "2017.10.13"]
[SourceQuality "1"]

1. e4 c6 2. d4 d5 3. Nd2 dxe4 4. Nxe4 Nf6 5. Nxf6+ exf6 6. Bc4 Bd6 7. h3 0-0 8. Nf3 Re8+ 9. Be2 Qe7 10. Be3 f5 11. Bg5 f6 12. Bh4 f4 13. Qd2 g5 14. Ng1 gxh4 15. 0-0-0 Be6 16. Kb1 Na6 17. Nf3 Bxa2+ 18. Kxa2 Qxe2 19. Nxh4 Nb4+ 20. Kb1 Qa6 21. Qc3 Re2 22. Qb3+ Kh8 23. Nf5 Nxc2 24. Qa2 Qxa2+ 25. Kxa2 Bf8 0-1

[Event "Kuwait Taher Group Cup"]
[Site "Kuwait"]
[Date "2015.06.29"]
[Round "6"]
[White "Youssef Ahmed, Youssef"]
[Black "Poliquit, Dennis"]
[Result "0-1"]
[WhiteElo "1727"]
[BlackElo "1834"]
[PlyCount "124"]
[EventDate "2015.06.24"]
[EventType "swiss"]
[EventRounds "9"]
[EventCountry "KUW"]
[SourceTitle "EXT 2016"]
[Source "ChessBase"]
[SourceDate "2015.10.08"]
[SourceVersion "1"]
[SourceVersionDate "2015.10.08"]
[SourceQuality "1"]

1. e4 c5 2. Nf3 e6 3. d4 cxd4 4. Nxd4 Nc6 5. Be3 Qc7 6. Nb5 Qb8 7. N1c3 Nf6 8. f3 a6 9. Nd4 b5 10. Qd2 Be7 11. g4 h6 12. 0-0-0 Bb7 13. h4 d6 14. Nxc6 Bxc6 15. Bg2 Nd7 16. g5 hxg5 17. hxg5 Rg8 18. Ne2 Ne5 19. Nd4 Bd7 20. f4 Nc4 21. Qf2 Qc7 22. b3 Nxe3 23. Qxe3 Rc8 24. Rd2 Qc3 25. Qxc3 Rxc3 26. Kb2 Rg3 27. Rh3 Rg4 28. Rf2 e5 29. fxe5 dxe5 30. Nf5 Rxg5 31. Rd3 Rh8 32. Rfd2 Be6 33. Nd6+ Bxd6 34. Rxd6 Ke7 35. Bf1 Rg1 36. Be2 Rh2 37. Bd1 Rxd2 38. Rxd2 Re1 39. Be2 g6 40. a4 bxa4 41. b4 f5 42. exf5 gxf5 43. Bxa6 a3+ 44. Kxa3 Ra1+ 45. Kb2 Rxa6 46. Rh2 f4 47. Kc3 Ra3+ 48. Kb2 Ra2+ 49. Kb1 Kd6 50. Rh6 f3 51. Rf6 e4 52. c4 Ra4 53. c5+ Ke5 54. Rf8 Rxb4+ 55. Kc2 Rc4+ 56. Kd2 Rxc5 57. Ke3 Rc3+ 58. Kd2 Rd3+ 59. Ke1 Bf5 60. Kf2 Kf4 61. Ke1 Ra3 62. Rd8 e3 0-1